[Event "Summertime Unity Tournament"]
[Site "SchemingMind.com"]
[Date "2016.08.24"]
[Round "-"]
[White "Carl Lenox"]
[Black "Stephen Woodhouse"]
[Result "0-1"]
[WhiteCountry "CAN"]
[BlackCountry "ENG"]
[WhiteElo "1185"]
[WhiteRD "74"]
[BlackElo "1891"]
[BlackRD "56"]
[GameID "402744"]

1. e4 e6 2. d4 d5 3. Nc3 Nf6 4. e5 Nfd7 5. h3 c5 6. g4 cxd4 7. Nb5 Bb4+ 8. Bd2 Bxd2+ 9. Qxd2 Nxe5 10. Qxd4 Nbc6
11. Qd2 a6 12. Nd4 O-O 13. O-O-O Bd7 14. f4 Nxd4
0-1

[Event "Summertime Unity Tournament"]
[Site "SchemingMind.com"]
[Date "2016.08.24"]
[Round "-"]
[White "Stephen Woodhouse"]
[Black "Carl Lenox"]
[Result "1-0"]
[WhiteCountry "ENG"]
[BlackCountry "CAN"]
[WhiteElo "1872"]
[WhiteRD "55"]
[BlackElo "1337"]
[BlackRD "98"]
[GameID "402745"]

1. e4 c5 2. c3 e6 3. d4 d5 4. exd5 Qxd5 5. Nf3 a6 6. Be3 c4 7. Nbd2 b5 8. a4 g6 9. axb5 Qxb5 10. Nxc4 Nf6
11. Nd6+
1-0

[Event "Summertime Unity Tournament"]
[Site "SchemingMind.com"]
[Date "2016.08.24"]
[Round "-"]
[White "emvarela"]
[Black "Stephen Woodhouse"]
[Result "1/2-1/2"]
[WhiteCountry "ARG"]
[BlackCountry "ENG"]
[WhiteElo "1719"]
[WhiteRD "51"]
[BlackElo "1883"]
[BlackRD "55"]
[GameID "402746"]

1. e4 e6 2. d4 d5 3. Nc3 Nf6 4. e5 Nfd7 5. f4 c5 6. dxc5 Bxc5 7. Nf3 Nc6 8. Bb5 O-O 9. Bxc6= bxc6 10. Nd4 Qc7
11. Nb3 Ba6 12. Nxc5 Nxc5 13. Be3 Nd7 14. Qd4 c5 15. Qa4 Qb7 16. Qb3 d4 17. Qxb7 Bxb7 18. O-O-O Rfd8 19. Bxd4 cxd4 20. Rxd4 Kf8
21. Rhd1 Ke7 22. g3 Nb6 23. Nb5 a6 24. Nd6 Bd5 25. b3 Nc8 26. Nxc8+ Raxc8 27. c4 Bf3 28. Rxd8 Rxd8 29. Rxd8 Kxd8 30. Kc2 Kc7
31. Kc3 a5 32. a3 Kc6 33. b4 axb4+ 34. axb4 Be2 35. Kd4 Bf1 36. Kc3 f6 37. Kd4 Bg2 38. g4 h6 39. h4 Bf3 40. g5 fxg5
41. fxg5 hxg5=
1/2-1/2

[Event "Summertime Unity Tournament"]
[Site "SchemingMind.com"]
[Date "2016.08.24"]
[Round "-"]
[White "Stephen Woodhouse"]
[Black "emvarela"]
[Result "1-0"]
[WhiteCountry "ENG"]
[BlackCountry "ARG"]
[WhiteElo "1891"]
[WhiteRD "56"]
[BlackElo "1728"]
[BlackRD "49"]
[GameID "402747"]

1. e4 e5 2. Nf3 Nc6 3. d4 exd4 4. Nxd4 Bc5 5. Nxc6 Qf6 6. Qf3 Qxc6 7. Nc3 Qf6 8. Be3 Bxe3 9. Qxe3 c6 10. O-O-O Ne7
11. Bc4 O-O 12. e5 Qh6 13. Qxh6 gxh6 14. f4 b5 15. Be2 f6 16. Ne4 fxe5 17. fxe5 Nd5 18. Rhf1 Nf4 19. Bd3 Nxd3+ 20. cxd3 b4
21. Nf6+ Kg7 22. Rf3 d5 23. Rdf1 Be6 24. d4 Rf7 25. Rg3+ Kh8 26. Kd2 a5 27. Rc1 Rc8 28. Rxc6
1-0

[Event "Summertime Unity Tournament"]
[Site "SchemingMind.com"]
[Date "2016.08.20"]
[Round "-"]
[White "Scooter"]
[Black "Stephen Woodhouse"]
[Result "0-1"]
[WhiteCountry "USA"]
[BlackCountry "ENG"]
[WhiteElo "1738"]
[WhiteRD "54"]
[BlackElo "1860"]
[BlackRD "54"]
[GameID "402748"]

1. d4 e6 2. Nf3 d5 3. Bf4 Bd6 4. Bxd6 Qxd6 5. c3 Nf6 6. e3 O-O 7. Be2 c5 8. Nbd2 Nc6 9. O-O Bd7 10. Bb5 a6
11. Bxc6 Bxc6 12. Ne5 cxd4 13. cxd4 Nd7 14. Nxc6 Qxc6 15. Rc1 Qd6 16. a3 Rac8 17. b4 Rxc1 18. Qxc1 Qb8 19. Qb2 Rc8 20. Rc1 Nb6
21. Rc5 Na4 22. Rxc8+ Qxc8 23. Qb1 Qc3 24. Nb3 b6 25. Qc1 Kf8 26. Qxc3 Nxc3 27. Kf1 Ke7 28. Na1 Kd6 29. Nc2 Kc6 30. Ke1 Kb5
31. Kd2 Kc4 32. f3 Kb3 33. Na1+ Kb2 34. Kd3 Nb1 35. Nc2 Nxa3 36. Nxa3 Kxa3 37. Kc3 Ka4 38. h4 Kb5 39. Kb3 a5 40. bxa5 bxa5
41. g4 a4+
0-1

[Event "Summertime Unity Tournament"]
[Site "SchemingMind.com"]
[Date "2016.08.19"]
[Round "-"]
[White "Stephen Woodhouse"]
[Black "Scooter"]
[Result "1-0"]
[WhiteCountry "ENG"]
[BlackCountry "USA"]
[WhiteElo "1860"]
[WhiteRD "54"]
[BlackElo "1738"]
[BlackRD "54"]
[GameID "402749"]

1. e4 c6 2. d4 d5 3. exd5 cxd5 4. c4 Nf6 5. Nc3 e6 6. Nf3 Bb4 7. cxd5 Nxd5 8. Bd2 Bxc3 9. bxc3 O-O 10. Bd3 a6
11. O-O b5 12. Qe2 Qc7 13. Qe4 Nf6 14. Qxa8 Bb7 15. Qa7
1-0

[Event "Summertime Unity Tournament"]
[Site "SchemingMind.com"]
[Date "2016.08.20"]
[Round "-"]
[White "kenneth m day"]
[Black "Stephen Woodhouse"]
[Result "0-1"]
[WhiteCountry "USA"]
[BlackCountry "ENG"]
[WhiteElo "1705"]
[WhiteRD "56"]
[BlackElo "1883"]
[BlackRD "55"]
[GameID "402750"]

1. e4 e6 2. d4 d5 3. Nd2 c5 4. Ngf3 cxd4 5. Nxd4 dxe4 6. Nxe4 a6 7. Be3 Nf6 8. Qd3 Bd7 9. O-O-O Nc6 10. Nxf6+ Qxf6
11. Be2 Be7 12. h4 Rc8 13. a3 Ne5 14. Qb3 b5 15. f4 Nc4 16. Bxc4 Rxc4 17. g4 Bc6 18. Nxc6 Rxc6 19. Qd3 O-O 20. Qe4 Rfc8
21. Rd2 Bc5 22. h5 Bxe3 23. Qxe3 h6 24. Qe4 Rc4 25. Qe3 Qxf4 26. Qxf4 Rxf4 27. Rg1 Rfc4 28. Rgg2 Kf8 29. c3 a5 30. Kc2 Ke7
31. Rd3 R8c5 32. b3 Rf4 33. Kd2 e5 34. Ke3 Ke6 35. b4 axb4 36. axb4 Rcc4 37. Rg3 Rxg4 38. Rh3 e4
0-1

[Event "Summertime Unity Tournament"]
[Site "SchemingMind.com"]
[Date "2016.08.20"]
[Round "-"]
[White "Stephen Woodhouse"]
[Black "kenneth m day"]
[Result "1/2-1/2"]
[WhiteCountry "ENG"]
[BlackCountry "USA"]
[WhiteElo "1872"]
[WhiteRD "55"]
[BlackElo "1724"]
[BlackRD "54"]
[GameID "402751"]

1. e4 e5 2. Nf3 Nc6 3. d4 exd4 4. Nxd4 Bc5 5. Nxc6 bxc6 6. Bc4 d6 7. O-O Nf6 8. Bg5 O-O 9. Nd2 Bd7 10. Qf3 Bd4
11. c3 Be5 12. Bb3 Be6 13. Nc4 Bxc4 14. Bxc4 Re8 15. Rad1 Qd7 16. Qd3 Qg4 17. f4 Bxf4 18. Bxf4 Rxe4 19. g3 Rae8 20. Bb3 Re2
21. Rd2 Re1 22. Rxe1 Rxe1+ 23. Kg2 Nh5 24. Qf3 Rg1+ 25. Kxg1 Qxf3 26. Rf2 Qe4 27. Bxd6 Qe1+ 28. Kg2 Qe4+ 29. Kg1 Qe1+ 30. Kg2 Qe4+
31. Kg1 Qe1+
1/2-1/2

[Event "Summertime Unity Tournament"]
[Site "SchemingMind.com"]
[Date "2016.08.20"]
[Round "-"]
[White "ray winteringham"]
[Black "Stephen Woodhouse"]
[Result "0-1"]
[WhiteCountry "ENG"]
[BlackCountry "ENG"]
[WhiteElo "1490"]
[WhiteRD "52"]
[BlackElo "1860"]
[BlackRD "54"]
[GameID "402752"]

1. e4 e6 2. d4 d5 3. e5 c5 4. c3 Nc6 5. Bb5 Bd7 6. Nf3 Nxe5 7. Bxd7+ Nxd7 8. O-O Ngf6 9. Bg5 Be7 10. Nbd2 O-O
11. h3 h6 12. Bh4 Rc8 13. Qa4 a6 14. Bg3 Nb6 15. Qb3 c4 16. Qc2 Bd6 17. Ne5 Qc7 18. Ndf3 Nbd7 19. Qe2 Ne4 20. a3 Nxg3
21. fxg3 Nxe5 22. Nxe5 Bxe5 23. dxe5 Qc5+ 24. Rf2 b5 25. Kh2 a5 26. Raf1 b4 27. Qh5 Rc7 28. Rf4 bxc3 29. bxc3 Qxa3 30. Rg4 Kh7
31. Rg6 fxg6
0-1

[Event "Summertime Unity Tournament"]
[Site "SchemingMind.com"]
[Date "2016.08.20"]
[Round "-"]
[White "Stephen Woodhouse"]
[Black "ray winteringham"]
[Result "1-0"]
[WhiteCountry "ENG"]
[BlackCountry "ENG"]
[WhiteElo "1860"]
[WhiteRD "54"]
[BlackElo "1490"]
[BlackRD "52"]
[GameID "402753"]

1. e4 e5 2. Nf3 d6 3. d4 exd4 4. Nxd4 c5 5. Bb5+ Bd7 6. Bxd7+ Nxd7 7. Nf5 Qc7 8. Bf4 g6 9. Nxd6+ Bxd6 10. Qxd6 Qa5+
11. Nc3 Qb6 12. Qxb6 Nxb6 13. O-O-O f6 14. Rhe1 Ne7 15. Nd5 Nbxd5 16. exd5 Kf7 17. Bd6 Rhe8 18. Bxc5 Nf5 19. g4 Nh4 20. d6 Red8
21. Re7+
1-0

[Event "Summertime Unity Tournament"]
[Site "SchemingMind.com"]
[Date "2016.08.19"]
[Round "-"]
[White "Stephen Woodhouse"]
[Black "Wojtek26"]
[Result "1-0"]
[WhiteCountry "ENG"]
[BlackCountry "POL"]
[WhiteElo "1872"]
[WhiteRD "55"]
[BlackElo "1469"]
[BlackRD "44"]
[GameID "402754"]

1. e4 e5 2. Nf3 Nc6 3. d4 exd4 4. Nxd4 g6 5. Be3 Bg7 6. Nc3 Nge7 7. Bc4 Ne5 8. Be2 O-O 9. O-O Re8 10. Qd2 d6
11. Rad1 Bg4 12. f4 Bxe2 13. Qxe2 N5c6 14. Qf3 Nxd4 15. Bxd4 Bxd4+ 16. Rxd4 Nc6 17. Rd2 Qf6 18. Nd5 Qd8 19. g4 Ne7 20. Nf6+ Kg7
21. Nxe8+ Qxe8 22. f5 gxf5 23. gxf5 Qg8 24. Rg2+ Ng6 25. fxg6
1-0

[Event "Summertime Unity Tournament"]
[Site "SchemingMind.com"]
[Date "2016.08.19"]
[Round "-"]
[White "Wojtek26"]
[Black "Stephen Woodhouse"]
[Result "0-1"]
[WhiteCountry "POL"]
[BlackCountry "ENG"]
[WhiteElo "1469"]
[WhiteRD "44"]
[BlackElo "1872"]
[BlackRD "55"]
[GameID "402755"]

1. e4 e6 2. Nf3 d5 3. exd5 exd5 4. d4 Bd6 5. Bd3 Ne7 6. O-O O-O 7. Bg5 f6 8. Bd2 Bf5 9. Nc3 Bxd3 10. cxd3 c6
11. Re1 Nd7 12. Qb3 Qb6 13. Qxb6 Nxb6 14. Re2 Rae8 15. Rae1 Kf7 16. Re6 Nf5 17. Rxe8 Rxe8 18. Rxe8 Kxe8 19. Be3 Kd7 20. h3 Ke6
21. a3 Ne7 22. Nd2 Ng6 23. Nf1 Nf4 24. Bxf4 Bxf4 25. b3 Bc1 26. a4 Bb2 27. Ne2 Na8 28. Nd2 Nc7 29. Nf3 g5 30. g4 Na6
31. Ne1 Nb4 32. Kg2 Na2 33. Kg3 Nc1 34. Nxc1 Bxc1 35. Nf3 Bb2 36. h4 h6 37. hxg5 hxg5 38. Kg2 Kd6 39. Kf1 c5 40. dxc5+ Kxc5
41. Nd2 Kb4 42. Ke2 Bc3 43. Ke3 Bxd2+ 44. Kxd2 Kxb3 45. d4 Kxa4 46. Kc2 Kb4
0-1

[Event "Summertime Unity Tournament"]
[Site "SchemingMind.com"]
[Date "2016.08.25"]
[Round "-"]
[White "Carl Lenox"]
[Black "David Hartley"]
[Result "0-1"]
[WhiteCountry "CAN"]
[BlackCountry "ENG"]
[WhiteElo "1119"]
[WhiteRD "72"]
[BlackElo "1858"]
[BlackRD "71"]
[GameID "402762"]

1. e4 e5 2. Nf3 Nc6 3. Bb5 a6 4. Be2 Nf6 5. d3 d5 6. Nc3 d4 7. Na4 b5 8. c4 bxa4 9. Qxa4 Bd7 10. a3 a5
11. Bg5 Be7 12. Bh4 O-O 13. Qc2 Rb8 14. Qd2 Rb6 15. O-O Qa8 16. Rab1 Rfb8
0-1

[Event "Summertime Unity Tournament"]
[Site "SchemingMind.com"]
[Date "2016.08.25"]
[Round "-"]
[White "David Hartley"]
[Black "emvarela"]
[Result "1-0"]
[WhiteCountry "ENG"]
[BlackCountry "ARG"]
[WhiteElo "1841"]
[WhiteRD "68"]
[BlackElo "1728"]
[BlackRD "49"]
[GameID "402763"]

1. e4 e5 2. Nf3 Nc6 3. Bc4 Bc5 4. c3 Ke7 5. d4 exd4 6. cxd4 Bb4+ 7. Nc3 Bxc3+ 8. bxc3 f6 9. O-O a6 10. e5 fxe5
11. Bg5+ Nf6 12. dxe5
1-0

[Event "Summertime Unity Tournament"]
[Site "SchemingMind.com"]
[Date "2016.08.25"]
[Round "-"]
[White "emvarela"]
[Black "David Hartley"]
[Result "0-1"]
[WhiteCountry "ARG"]
[BlackCountry "ENG"]
[WhiteElo "1728"]
[WhiteRD "49"]
[BlackElo "1841"]
[BlackRD "68"]
[GameID "402764"]

1. e4 e6 2. d4 d5 3. Nc3 Nf6 4. e5 Nfd7 5. f4 c5 6. dxc5 Nc6 7. a3 Bxc5 8. Nf3 O-O 9. b4 Bb6 10. Nb5 f6
11. Nd6 fxe5 12. Nxe5 Ndxe5 13. Nxc8 Rxc8 14. fxe5 Nxe5 15. Bb2 Qh4+ 16. g3 Qe4+
0-1

[Event "Summertime Unity Tournament"]
[Site "SchemingMind.com"]
[Date "2016.08.23"]
[Round "-"]
[White "David Hartley"]
[Black "Scooter"]
[Result "1-0"]
[WhiteCountry "ENG"]
[BlackCountry "USA"]
[WhiteElo "1797"]
[WhiteRD "69"]
[BlackElo "1777"]
[BlackRD "56"]
[GameID "402765"]

1. e4 c6 2. d4 d5 3. Nc3 dxe4 4. Nxe4 Bf5 5. Ng3 Bg6 6. Nf3 Nd7 7. h4 h6 8. h5 Bh7 9. Bd3 Bxd3 10. Qxd3 Qc7
11. Bd2 Ngf6 12. O-O-O e6 13. Ne4 Nxe4 14. Qxe4 Nf6 15. Qe2 O-O-O 16. c3 Bd6 17. Kb1 Bf4 18. Bxf4 Qxf4 19. Ne5 Qe4+ 20. Qxe4 Nxe4
21. Rh4 Nxf2 22. Rf1 f6 23. Nf7 Nd3 24. Kc2
1-0

[Event "Summertime Unity Tournament"]
[Site "SchemingMind.com"]
[Date "2016.08.23"]
[Round "-"]
[White "Scooter"]
[Black "David Hartley"]
[Result "0-1"]
[WhiteCountry "USA"]
[BlackCountry "ENG"]
[WhiteElo "1735"]
[WhiteRD "56"]
[BlackElo "1841"]
[BlackRD "68"]
[GameID "402766"]

1. d4 d5 2. Nf3 Nf6 3. Bf4 c5 4. e3 Nc6 5. c3 Bg4 6. Be2 e6 7. h3 Bh5 8. Nbd2 cxd4 9. cxd4 Bd6 10. Bxd6 Qxd6
11. a3 e5 12. dxe5 Nxe5 13. Bb5+ Ned7 14. Bxd7+ Qxd7 15. O-O O-O 16. Rc1 Rac8 17. Rxc8 Rxc8 18. Qb1 Qe7 19. Rc1 Qd7 20. Ne5 Qe8
21. Rxc8 Qxc8 22. Nb3 Qc7 23. Qf5 Be2 24. Nd4 Ba6 25. b4 b6 26. b5 Bc8 27. Qf4 Bb7 28. a4 h6 29. Nd3 Qxf4 30. Nxf4 a6
31. Nc6 axb5 32. axb5 Kf8 33. Nd3 Ne8 34. Nde5 Bxc6 35. bxc6 Ke7 36. Nd7 b5 37. Nb6 Kd6 38. Kf1 Kxc6 39. Nc8 Kc5 40. Ke2 Kc4
41. Nb6+ Kc5 42. Nd7+ Kb4 43. Kd3 Ka3 44. Kc2 Kb4 45. Ne5 f6 46. Nd3+ Kc4 47. Nb2+ Kc5 48. Nd3+ Kc6 49. Kb3 Nc7 50. Kb4 g5
51. g4 Kb6 52. f3 Ne6 53. f4 Nc7 54. f5 Na6+ 55. Kc3 Kc6 56. Nf2 Nc5 57. Kb4 Kb6 58. Kc3 b4+ 59. Kd4 Kc6 60. Nd1 b3
61. Kc3 Kd6 62. Nb2 Kc6 63. Kd4 Ne4
0-1

[Event "Summertime Unity Tournament"]
[Site "SchemingMind.com"]
[Date "2016.08.23"]
[Round "-"]
[White "David Hartley"]
[Black "kenneth m day"]
[Result "1-0"]
[WhiteCountry "ENG"]
[BlackCountry "USA"]
[WhiteElo "1858"]
[WhiteRD "71"]
[BlackElo "1705"]
[BlackRD "56"]
[GameID "402767"]

1. e4 e5 2. Nf3 Nc6 3. Bb5 f5 4. Nc3 fxe4 5. Nxe4 Nf6 6. Nxf6+ Qxf6 7. Qe2 d6 8. Bxc6+ bxc6 9. d4 Be7 10. Bg5 Qe6
11. Bxe7 Qxe7 12. dxe5 O-O 13. h3 a5 14. exd6 Qxd6 15. Qd3 Re8+ 16. Kd2 Qb4+ 17. Kc1 Ba6 18. Qb3+ Bc4 19. Qxb4 axb4 20. b3 Bd5
21. Kb2 c5 22. Rhe1 Bxf3 23. gxf3 Rf8 24. Re3 Rf5 25. Rd1 Raf8 26. Rd7 c6 27. Ree7 R5f7 28. Rxf7 Rxf7 29. Rd3 g6 30. Kc1 Kg7
31. Kd1 Kh6 32. Ke1 Kg5 33. Kf1 Rf6 34. Kg2 Kh4 35. Re3 g5 36. Re5 h6 37. Rxc5 Kh5 38. Rc4 Re6 39. Rxb4
1-0

[Event "Summertime Unity Tournament"]
[Site "SchemingMind.com"]
[Date "2016.08.23"]
[Round "-"]
[White "kenneth m day"]
[Black "David Hartley"]
[Result "1-0"]
[WhiteCountry "USA"]
[BlackCountry "ENG"]
[WhiteElo "1724"]
[WhiteRD "56"]
[BlackElo "1841"]
[BlackRD "68"]
[GameID "402768"]

1. e4 e5 2. Nf3 Nc6 3. c3 Nf6 4. d4 exd4 5. e5 Nd5 6. Bc4 Nb6 7. Bb3 Be7 8. cxd4 O-O 9. Nc3 d5 10. Qd3 Bg4
11. Bf4 Nb4 12. Qe2 Nc6 13. Rd1 f6 14. O-O fxe5 15. Bxe5 Re8 16. Rfe1 Kh8 17. Qe3 Bh5 18. Rd2 Na5 19. Bc2 Nac4 20. Qh6
1-0

[Event "Summertime Unity Tournament"]
[Site "SchemingMind.com"]
[Date "2016.08.23"]
[Round "-"]
[White "David Hartley"]
[Black "ray winteringham"]
[Result "1-0"]
[WhiteCountry "ENG"]
[BlackCountry "ENG"]
[WhiteElo "1797"]
[WhiteRD "69"]
[BlackElo "1507"]
[BlackRD "49"]
[GameID "402769"]

1. e4 c5 2. Nf3 Nc6 3. d4 cxd4 4. Nxd4 Nxd4 5. Qxd4 f6 6. Bc4 e5 7. Qd5 Qe7 8. O-O g5 9. Nc3 Nh6 10. Be3 d6
11. Qb5+ Qd7 12. Rad1 Be7 13. Qb3 Kf8 14. Nb5 Qg4 15. f3 Qh5 16. Nxd6 Bxd6 17. Rxd6 Kg7 18. Rfd1 Rf8 19. Rd8 Nf7 20. Rxf8 Kxf8
21. Bd5 Nh6 22. Bxb7 Bh3 23. Bxa8
1-0

[Event "Summertime Unity Tournament"]
[Site "SchemingMind.com"]
[Date "2016.08.23"]
[Round "-"]
[White "ray winteringham"]
[Black "David Hartley"]
[Result "0-1"]
[WhiteCountry "ENG"]
[BlackCountry "ENG"]
[WhiteElo "1507"]
[WhiteRD "49"]
[BlackElo "1797"]
[BlackRD "69"]
[GameID "402770"]

1. e4 e5 2. Nf3 Nc6 3. Be2 Nf6 4. d3 d5 5. exd5 Nxd5 6. c4 Bb4+ 7. Bd2 Bxd2+ 8. Nbxd2 Nf4 9. O-O Bf5 10. b3 Bxd3
11. Bxd3 Nxd3 12. Ne4 Nf4 13. Qc2 Ng6 14. Nc5 b6 15. Ne4 Qe7 16. g3 Rd8 17. Rfe1 O-O 18. Re3 Rfe8 19. Qc1 Rd7 20. h4 f5
21. Nc3 f4 22. Nd5 Qf8 23. Nxc7 Rxc7 24. Re1 fxg3
0-1

[Event "Summertime Unity Tournament"]
[Site "SchemingMind.com"]
[Date "2016.08.23"]
[Round "-"]
[White "David Hartley"]
[Black "Stephen Woodhouse"]
[Result "1/2-1/2"]
[WhiteCountry "ENG"]
[BlackCountry "ENG"]
[WhiteElo "1841"]
[WhiteRD "68"]
[BlackElo "1891"]
[BlackRD "56"]
[GameID "402771"]

1. e4 e6 2. d4 d5 3. Nd2 c5 4. exd5 Qxd5 5. Ngf3 cxd4 6. Bc4 Qd6 7. O-O Nf6 8. Nb3 Nc6 9. Nbxd4 Nxd4 10. Qxd4 Qxd4
11. Nxd4 a6 12. Bf4 Bd7 13. Rfe1 Rc8 14. Bb3 Be7 15. Rad1 O-O 16. c3 Rfd8 17. Rd2 Bc6 18. Nxc6 Rxc6 19. Rxd8+ Bxd8 20. Rd1 Be7
21. Bc2 Nd5 22. Bg3 Kf8 23. Bb3 Nb6 24. Kf1 Ke8 25. f3 Nc4 26. Bxc4 Rxc4 27. Bf2 Rc7 28. Ke2 Rd7=
1/2-1/2

[Event "Summertime Unity Tournament"]
[Site "SchemingMind.com"]
[Date "2016.08.23"]
[Round "-"]
[White "Stephen Woodhouse"]
[Black "David Hartley"]
[Result "1-0"]
[WhiteCountry "ENG"]
[BlackCountry "ENG"]
[WhiteElo "1872"]
[WhiteRD "55"]
[BlackElo "1797"]
[BlackRD "69"]
[GameID "402772"]

1. e4 e5 2. Nf3 Nc6 3. d4 exd4 4. Nxd4 Qh4 5. Nc3 Bb4 6. Be2 Qxe4 7. Nb5 Kd8 8. O-O Bxc3 9. bxc3 a6 10. Nd4 Nxd4
11. cxd4 Nf6 12. Bf3 Qf5 13. Re1 Re8 14. Ba3 d6 15. c4 Rb8 16. c5 d5 17. Rxe8+ Nxe8 18. Qb3 c6 19. Bb4 Ke7 20. Re1+ Be6
21. h3 Nc7 22. Ba5 Na8 23. Bg4 Qf6 24. Qg3
1-0

[Event "Summertime Unity Tournament"]
[Site "SchemingMind.com"]
[Date "2016.08.23"]
[Round "-"]
[White "David Hartley"]
[Black "Wojtek26"]
[Result "0-1"]
[WhiteCountry "ENG"]
[BlackCountry "POL"]
[WhiteElo "1797"]
[WhiteRD "69"]
[BlackElo "1469"]
[BlackRD "44"]
[GameID "402773"]

1. e4 e5 2. Nf3 Nc6 3. Bb5 Nge7 4. d4 exd4 5. Nxd4 g6 6. Nxc6 Nxc6 7. Bxc6 bxc6 8. Qd4 Rg8 9. O-O Bg7 10. Qa4 Qf6
11. c3 a5 12. Bf4 Qxf4
0-1

[Event "Summertime Unity Tournament"]
[Site "SchemingMind.com"]
[Date "2016.08.23"]
[Round "-"]
[White "Wojtek26"]
[Black "David Hartley"]
[Result "0-1"]
[WhiteCountry "POL"]
[BlackCountry "ENG"]
[WhiteElo "1469"]
[WhiteRD "44"]
[BlackElo "1797"]
[BlackRD "69"]
[GameID "402774"]

1. d4 d5 2. c4 e6 3. e3 Nf6 4. Nf3 Be7 5. Be2 O-O 6. O-O dxc4 7. Bxc4 c5 8. dxc5 Bxc5 9. Nc3 Nc6 10. b3 b6
11. Bb2 Bb7 12. Nb5 Qe7 13. Qc2 h6 14. Rfd1 Rad8 15. Rxd8 Rxd8 16. Rd1 a6 17. Nc3 b5
0-1

[Event "Summertime Unity Tournament"]
[Site "SchemingMind.com"]
[Date "2016.08.23"]
[Round "-"]
[White "Andoni Zabala"]
[Black "David Hartley"]
[Result "0-1"]
[WhiteCountry "INT"]
[BlackCountry "ENG"]
[WhiteElo "1822"]
[WhiteRD "82"]
[BlackElo "1841"]
[BlackRD "68"]
[GameID "402829"]

1. e4 e5 2. Nf3 Nc6 3. Bc4 Bc5 4. b4 Bxb4 5. c3 Be7 6. d4 Na5 7. Nxe5 Nxc4 8. Nxc4 d5 9. exd5 Qxd5 10. Ne3 Qd8
11. O-O Nf6 12. Nd2 O-O 13. h3 Be6 14. Nf3 c6 15. Ng5 Qd7 16. Nxe6 Qxe6 17. Qb3 Qd7 18. Ba3 Bxa3 19. Qxa3 Rfe8 20. Rfe1 Re7
21. Nc4 Nd5 22. Rxe7 Qxe7 23. Qxe7 Nxe7 24. Ne5 f6 25. Nf3 Rd8 26. g4 Nd5 27. Rc1 Re8 28. Rc2 Kf7 29. Kh2 Nf4 30. Rd2 Re2
31. Kg3 Rxd2 32. Nxd2 Ne2+ 33. Kf3 Nxc3 34. a3 Nb5 35. a4 Nxd4+ 36. Ke4 Ne6
0-1

[Event "Summertime Unity Tournament"]
[Site "SchemingMind.com"]
[Date "2016.08.23"]
[Round "-"]
[White "David Hartley"]
[Black "Andoni Zabala"]
[Result "1-0"]
[WhiteCountry "ENG"]
[BlackCountry "INT"]
[WhiteElo "1861"]
[WhiteRD "73"]
[BlackElo "1832"]
[BlackRD "84"]
[GameID "402830"]

1. e4 c6 2. d4 d5 3. Nc3 dxe4 4. Nxe4 Bf5 5. Ng3 Bg6 6. Nf3 Nd7 7. Bd3 Bxd3 8. Qxd3 Ngf6 9. O-O e6 10. Re1 Be7
11. Bf4 Qb6 12. b3 O-O 13. c3 Nd5 14. Bd2 Rad8 15. Qc2 a5 16. a3 Qa7 17. a4 N7f6 18. Rab1 Rc8 19. Qd1 b5 20. Qe2 b4
21. c4 Nc7 22. h3 Rfe8 23. Be3 c5 24. Rbd1 Na6 25. Qb2 h6 26. Rd3 cxd4 27. Bxd4 Nc5 28. Rde3 Qa6 29. Rd1 Nxa4 30. bxa4 Qxc4
31. Red3 Qc6 32. Qb3 Nd5 33. Ne2 Qb7 34. R3d2 Bf6 35. Rc2 Rxc2 36. Qxc2 Rc8 37. Qb2 Bxd4 38. Nfxd4 Qb6 39. Rc1 Nc3 40. Nxc3 Qxd4
41. Nd1 Qd7 42. Rxc8+ Qxc8 43. Ne3 Qd7 44. Qc2 f5 45. Qc4 g6 46. Qb5 Qd8 47. Nc4 Qd1+ 48. Kh2 Qd4 49. Ne5 Qf4+ 50. Kg1 Qc1+
51. Qf1 Qc2 52. Qc4 Qd1+ 53. Kh2 Qd6 54. Qc8+ Kg7 55. Qb7+ Kf6 56. f4 Qe7 57. Qc8 Kg7 58. Qa8 b3 59. Qb8 g5 60. g3 gxf4
61. gxf4 Kf6 62. Qh8+ Qg7 63. Qxg7+ Kxg7 64. Nd3 Kf6 65. Kg2 e5 66. fxe5+ Ke6 67. Kf3 b2 68. Nxb2 Kxe5 69. Nc4+ Kd4 70. Nxa5 Kc5
71. Nb3+ Kb4 72. a5
1-0

[Event "Summertime Unity Tournament"]
[Site "SchemingMind.com"]
[Date "2016.08.24"]
[Round "-"]
[White "Andoni Zabala"]
[Black "Carl Lenox"]
[Result "1-0"]
[WhiteCountry "INT"]
[BlackCountry "CAN"]
[WhiteElo "1822"]
[WhiteRD "82"]
[BlackElo "1185"]
[BlackRD "74"]
[GameID "402831"]

1. e4 c5 2. Nf3 g6 3. d4 cxd4 4. Nxd4 Bg7 5. Be2 Qa5+ 6. c3 Qe5 7. Nd2 a6 8. O-O Nf6 9. f4 Qc5 10. Kh1 b5
11. N2b3
1-0

[Event "Summertime Unity Tournament"]
[Site "SchemingMind.com"]
[Date "2016.08.24"]
[Round "-"]
[White "Carl Lenox"]
[Black "Andoni Zabala"]
[Result "0-1"]
[WhiteCountry "CAN"]
[BlackCountry "INT"]
[WhiteElo "1185"]
[WhiteRD "74"]
[BlackElo "1822"]
[BlackRD "82"]
[GameID "402832"]

1. e4 c6 2. d4 d5 3. e5 Bf5 4. Nd2 e6 5. a3 Nd7 6. b4 Ne7 7. c4 dxc4 8. Nxc4 Nd5 9. Bb2 Be7 10. Nf3 O-O
11. Qd2 b5
0-1

[Event "Summertime Unity Tournament"]
[Site "SchemingMind.com"]
[Date "2016.08.27"]
[Round "-"]
[White "Andoni Zabala"]
[Black "emvarela"]
[Result "1-0"]
[WhiteCountry "INT"]
[BlackCountry "ARG"]
[WhiteElo "1855"]
[WhiteRD "81"]
[BlackElo "1719"]
[BlackRD "51"]
[GameID "402833"]

1. e4 e5 2. Nf3 Nc6 3. Bc4 Bc5 4. b4 Bb6 5. a4 a5 6. b5 Na7 7. O-O d6 8. c3 h6 9. d4 exd4 10. cxd4 c6
11. Nc3 Bd7 12. Qb3 cxb5 13. Bxf7+ Kf8 14. Ba3 b4 15. Bg6 Qf6 16. Nh4 Ne7 17. e5 dxe5 18. Ne4 Be6 19. Qg3 Qf4 20. Nc5 Bxc5
21. dxc5 bxa3 22. Rxa3 Bd5 23. Nf3 Qxg3 24. fxg3 Nxg6 25. Nxe5+ Ke8 26. Nxg6 Rg8 27. Re3+ Kd8 28. Rd1 Kc7 29. Rxd5 Nc6 30. h4 Kb8
31. Ne7 Nxe7 32. Rxe7 Ra7 33. Rdd7 g6 34. c6
1-0

[Event "Summertime Unity Tournament"]
[Site "SchemingMind.com"]
[Date "2016.08.27"]
[Round "-"]
[White "emvarela"]
[Black "Andoni Zabala"]
[Result "1/2-1/2"]
[WhiteCountry "ARG"]
[BlackCountry "INT"]
[WhiteElo "1710"]
[WhiteRD "54"]
[BlackElo "1832"]
[BlackRD "84"]
[GameID "402834"]

1. e4 c6 2. d4 d5 3. Nc3 dxe4 4. Nxe4 Bf5 5. Ng3 Bg6 6. Nf3 e6 7. Bd3 Nf6 8. O-O Be7 9. Bxg6 hxg6 10. Bf4 Nbd7
11. Ne5 Qb6 12. Nxd7 Kxd7 13. b3 Nd5 14. Be3 f5 15. Ne2 g5 16. c4 Qc7 17. g3 f4 18. cxd5 fxe3 19. dxe6+ Kxe6 20. fxe3 Raf8
21. Qd3 Qd6 22. Qe4+ Kd7 23. Rxf8 Rxf8 24. Qg4+ Kc7 25. Rf1 Bf6 26. Nc3 Qe7 27. Qe4 Re8 28. Qxe7+ Rxe7 29. Kf2 a6 30. Kf3 b5
31. Ne4 g4+ 32. Kf4 Bxd4 33. Ng5 Bxe3+ 34. Kxg4 Bd4 35. Rf7 Kd7 36. Rxe7+ Kxe7 37. Nf3 c5 38. Nxd4 cxd4 39. Kf4 Kd6 40. Ke4 Kc5
41. a3 a5 42. Kd3 Kd5 43. h4 Ke5 44. h5 b4 45. axb4 axb4 46. g4 Kf4 47. Kxd4 Kxg4 48. Kc4 Kxh5 49. Kxb4 g5 50. Kc4 g4
51. Kd3 g3 52. Ke2 Kg4 53. Kf1 Kf3=
1/2-1/2